Logo BPK

Biblioteka

Politechniki Koszalińskiej

Elementy teorii systemów informacyjnych / (Rekord nr 23030)

Szczegóły MARC
000 -ETYKIETA REKORDU
podpole kontrolne o stałej długości 00409nam a2200157 i 4500
001 - NUMER KONTROLNY REKORDU
pole kontrolne bg
040 ## - ŹRÓDŁO KATALOGOWANIA
Instytucja, która utworzyła rekord BPK
041 ## - KOD JĘZYKA
Kod języka tekstu pol
008 - POLE O STAŁEJ DŁUGOŚCI - DANE KONTROLNE
podpole kontrolne o stałej długości s pl f |000 0 pol
100 1# - NAZWA OSOBOWA
Nazwa osobowa MURASZKIEWICZ, M.
245 #0 - TYTUŁ/ODPOWIEDZIALNOŚĆ
Tytuł Elementy teorii systemów informacyjnych /
Pozostałe elementy strefy tytułu i oznaczenia odpowiedzialności M. Muraszkiewicz, Z. Pawlak, H. Rybiński.
260 ## - STREFA ADRESU WYDAWNICZEGO
Miejsce wydania Warszawa,
Data publikacji, dystrybucji/powstania dokumentu 1985.
700 1# - HASŁO DODATKOWE - NAZWA OSOBOWA
Nazwa osobowa PAWLAK, Z.
700 1# - HASŁO DODATKOWE - NAZWA OSOBOWA
Nazwa osobowa RYBIŃSKI, H.
856 ## - LOKALIZACJA I DOSTĘP DO ELEKTRONICZNYCH DOKUMENTÓW ZDALNYCH
Link (URL) http://koha.tu.koszalin.pl/cgi-bin/koha/opac-detail.pl?biblionumber=23030
Tekst linku Katalog online BPK
942 ## - DODATKOWE ELEMENTY (KOHA)
Typ dokumentu Książka
Egzemplarze
Wycofany Status egzemplarza Uszkodzony Dostępność Lokalizacja stała Lokalizacja bieżąca Miejsce przechowywania Sygnatura Kod kreskowy Typ dokumentu
      Dostępny Biblioteka Politechniki Koszalińskiej Biblioteka Politechniki Koszalińskiej Wypożyczalnia BG 33012 02188294 Książka
© 2023 Biblioteka Politechniki Koszalińskiej :: KOHA